Uttar purbanchalar janagosthiya sajpar aru aa alankar (Record no. 9975)

MARC details
000 -LEADER
fixed length control field 00623cam a2200217ua 4500
001 - CONTROL NUMBER
control field 11122
005 - DATE AND TIME OF LATEST TRANSACTION
control field 20260515114716.0
008 - FIXED-LENGTH DATA ELEMENTS--GENERAL INFORMATION
fixed length control field 190810n ii |||gr||||Z||||||asm
020 ## - INTERNATIONAL STANDARD BOOK NUMBER
International Standard Book Number 9789381710197
040 ## - CATALOGING SOURCE
Transcribing agency MAIN
041 ## - LANGUAGE CODE
Language code of text/sound track or separate title asm
082 ## - DEWEY DECIMAL CLASSIFICATION NUMBER
Classification number 391.0095416
245 ## - TITLE STATEMENT
Title Uttar purbanchalar janagosthiya sajpar aru aa alankar
Statement of responsibility, etc. Edited by Ajanta Rajkhowa
250 ## - EDITION STATEMENT
Edition statement 1st ed.
260 ## - PUBLICATION, DISTRIBUTION, ETC.
Place of publication, distribution, etc. Guwahati:
Name of publisher, distributor, etc. Banphool prakashan,
Date of publication, distribution, etc. 2013.
300 ## - PHYSICAL DESCRIPTION
Extent 344+16p.
653 ## - INDEX TERM--UNCONTROLLED
Uncontrolled term Costume & personal appearance
653 ## - INDEX TERM--UNCONTROLLED
Uncontrolled term Costume and jewellery of the tribes of North East
700 ## - ADDED ENTRY--PERSONAL NAME
Personal name Ajanta Rajkhowa,
Relator term Editor.
942 ## - ADDED ENTRY ELEMENTS (KOHA)
Koha item type Books
Holdings
Withdrawn status Lost status Damaged status Not for loan Home library Current library Shelving location Date acquired Total checkouts Full call number Barcode Date last seen Date last checked out Copy number Price effective from Koha item type
        Naharkatiya College Library Naharkatiya College Library General stacks 09/19/2020 12 391.0095416oUTT 26717 09/16/2024 08/19/2024 1 09/19/2020 Books
        Naharkatiya College Library Naharkatiya College Library General stacks 09/19/2020 10 391.0095416oUTT 26718 06/30/2023 06/20/2023 2 09/19/2020 Books